00504nam a2200145Ia 4500008004100000041000800041082001600049100001800065245004500083260004300128300003300171365000900204999001500213952013000228240624s9999 xx 000 0 und d aeng a658.402 SEN aSENGE PETER M aFIFTH DISCIPLINE THE ART AND PRACTICE OF c1990aNew YorkbCurrency and Doubleday axxiii, : 445 : p. : cm. ; 23 cb20 c8103d8103 00104070aIMTNbIMTNcRack 26-Bd2008-01-17eWBDg24.95n736o658.402 SENp8103r2024-06-24 00:00:00t39.48w2024-06-24yBK